000 00210nam a22000857a 4500
008 161213b xxu||||| |||| 00| 0 eng d
100 _92020
_aNCERT
245 _aMarrigold English-IV
260 _aNew Delhi
_bNCERT
_c2007
999 _c4893
_d4893